| 000 | 00421nam a22001577a 4500 | ||
|---|---|---|---|
| 003 | BD-DhUL | ||
| 005 | 20171108154301.0 | ||
| 008 | 171108s1965 ir ||||| |||| 00| 0 per d | ||
| 040 |
_aBD-DhUL _cBD-DhUL |
||
| 082 |
_a891.551 _bBIZ |
||
| 245 | 0 |
_aبیثرن و منیثرہ / _cبیدل |
|
| 260 |
_aتھران : _b، _c۔۱۹۶۵ |
||
| 300 |
_aص۔ ۲۶۳ ؛ _c۲۷ سم۔ |
||
| 650 | 0 | _aPersian poetry | |
| 942 |
_2ddc _cBK |
||
| 999 |
_c231847 _d231847 |
||